000 00542nam a2200193Ia 4500
003 GCL
008 140319s9999 xx 000 0 eng d
040 _aGCL /
_cGCL
082 0 4 _a903
_bL D
100 1 _aGARANGER, JOSE
245 1 0 _aDICTIONNAIRE DE LA PREHISTOIRE /
_cGARANGER, JOSE
700 1 _aLERIO - GOURHAN, ANDRE
260 _a[S.N] :
_bPRESSES UNIVERSITAIRES DE FRANCE ،
_c1988
300 _a1277 P
650 0 4 _aHISTORY
650 0 4 _aHISTORY - DICTIONARY
650 0 4 _aANTIQUITIES PREHISTORY - DICTIONARY
942 _2ddc
_cBK
999 _c16232
_d16232